Manual de recursos terapéuticos para el pánico y la agorafobia / (Registro nro. 3163)
[ vista simple ]
| 000 -LEADER | |
|---|---|
| fixed length control field | 01231nam a2200313 a 4500 |
| 005 - FECHA ULTIMA MODIFICACION | |
| control field | 20240807112301.0 |
| 008 - CAMPO DE CONTROL (LIBRO) | |
| fixed length control field | 100810s2006||||ag f |||| 001 0 spa d |
| 020 ## - INTERNATIONAL STANDARD BOOK NUMBER | |
| ISBN | 9789165691 |
| 041 ## - CODIGO DE IDIOMA | |
| Código de idioma del texto/pista de sonido o título separado | spa |
| 092 ## - SIGNATURA TOPOGRAFICA DEWEY LOCAL | |
| número de clasificación | 158 |
| libristica | 12 |
| sección | CIA |
| 100 1# - ENTRADA PRINCIPAL--NOMBRE PERSONAL | |
| Nombre personal | Cia, Alfredo H. |
| 9 (RLIN) | 4188 |
| 245 ## - TITULO PROPIAMENTE DICHO | |
| Título | Manual de recursos terapéuticos para el pánico y la agorafobia / |
| Mención de responsabilidad y remanente de la transcripción de la portada | Alfredo H. Cía |
| 250 ## - MENCION DE EDICION | |
| Mención de edición | 1a ed. |
| 260 ## - PIE DE IMPRENTA | |
| Lugar de publicación, distribución, etc | Buenos Aires: |
| Nombre de la editorial, distribuidor, etc | Polemos; |
| Fecha de publicación | 2006. |
| 300 ## - DESCRIPCION FISICA | |
| Extension | 256 p. |
| Dimensiones | 23x15 cm. |
| 500 ## - NOTA GENERAL | |
| Nota general | Cía, A. H. (2006). Manual de recursos terapéuticos para el pánico y la agorafobia. (1a ed.). Buenos Aires : Polemos. |
| 590 ## - NOTAS LOCALES (RLIN) | |
| Nota local | Serie Paltex para Ejecutores de Programas de Salud N 2̂9. |
| 653 3# - TÉRMINO INDIZADO - PALABRAS CLAVES | |
| Palabra clave | La ansiedad y sus trastornos |
| 653 ## - TÉRMINO INDIZADO - PALABRAS CLAVES | |
| Palabra clave | Instrumentos para realizar un diagnóstico aproximado de los trastornos de ansiedad |
| 653 ## - TÉRMINO INDIZADO - PALABRAS CLAVES | |
| Palabra clave | Instrucciones para el cambio cognitivo |
| 653 ## - TÉRMINO INDIZADO - PALABRAS CLAVES | |
| Palabra clave | Técnicas de respiración y relajación |
| 653 ## - TÉRMINO INDIZADO - PALABRAS CLAVES | |
| Palabra clave | Superando el temor que producen los síntomas fisiológicos del pánico |
| 653 ## - TÉRMINO INDIZADO - PALABRAS CLAVES | |
| Palabra clave | Mejora de la autoestima |
| 653 ## - TÉRMINO INDIZADO - PALABRAS CLAVES | |
| Palabra clave | Recomendaciones para el tratamiento farmacológico |
| 653 ## - TÉRMINO INDIZADO - PALABRAS CLAVES | |
| Palabra clave | Nutrición y ansiedad |
| 653 ## - TÉRMINO INDIZADO - PALABRAS CLAVES | |
| Palabra clave | Farmacoterapia |
| 930 ## - NUMERO DE INVENTARIO | |
| Número de inventario | 992 |
| 942 ## - ADDED ENTRY ELEMENTS (KOHA) | |
| Source of classification or shelving scheme | Dewey Decimal Classification |
| Item type | Libros |
| Estado de retiro | Existencia | Fuente de clasificación | Estado general | No para prestamo | Ubicación permanente | ubicación actual | Sala de ubicación | Fecha de adquisición | Fuente de adquisición | Total Checkouts | Número de clasificación | Código de barras | Date last seen | Número de ejemplar | Price effective from | Koha tipo de elemento (item) | Public note | Coded location qualifier |
|---|---|---|---|---|---|---|---|---|---|---|---|---|---|---|---|---|---|---|
| Dewey Decimal Classification | Biblioteca Medicina | Biblioteca Medicina | Circulación | 12/04/2023 | Donación Dra. Ocampo, Patricia. Abril 2023. | 158 12 CIA | 4843 | 12/04/2023 | Ej. 1 | 12/04/2023 | Libros | Donación Dra. Ocampo, Patricia. Abril 2023. |